[Event "High League 2022 women"]
[Site "Obninsk"]
[Date "2022.06.27"]
[Round "2.17"]
[White "Abakarova, Amina"]
[Black "Bivol, Alina"]
[Result "0-1"]
[LiveChessVersion "1.4.7"]
[BlackElo "2364"]
[WhiteElo "1825"]

1. e4 {[%clk 1:30:30]} c6 {[%clk 1:29:59]} 2. d4 {[%clk 1:30:54]} d5
{[%clk 1:30:25]} 3. exd5 {[%clk 1:31:05]} cxd5 {[%clk 1:30:49]} 4. Bd3
{[%clk 1:31:20]} Nc6 {[%clk 1:31:12]} 5. c3 {[%clk 1:31:40]} Nf6 {[%clk 1:31:04]}
6. Bf4 {[%clk 1:31:56]} Bg4 {[%clk 1:31:22]} 7. Qb3 {[%clk 1:32:05]} e5
{[%clk 1:31:39]} 8. dxe5 {[%clk 1:28:50]} Nh5 {[%clk 1:31:14]} 9. Be3
{[%clk 1:27:03]} Nxe5 {[%clk 1:31:21]} 10. Bb5+ {[%clk 1:26:25]} Nc6
{[%clk 1:31:39]} 11. Nd2 {[%clk 1:22:45]} Be7 {[%clk 1:29:16]} 12. Ngf3
{[%clk 1:22:45]} O-O {[%clk 1:29:17]} 13. O-O {[%clk 1:22:30]} Nf6
{[%clk 1:29:40]} 14. h3 {[%clk 1:22:29]} Be6 {[%clk 1:21:24]} 15. Nd4
{[%clk 1:21:48]} Qc7 {[%clk 1:21:36]} 16. N2f3 {[%clk 1:19:00]} Ne4
{[%clk 1:19:51]} 17. Bd3 {[%clk 1:14:42]} Nxd4 {[%clk 1:12:48]} 18. Nxd4
{[%clk 1:12:48]} Nc5 {[%clk 1:09:58]} 19. Qc2 {[%clk 1:08:30]} Nxd3
{[%clk 1:08:37]} 20. Qxd3 {[%clk 1:08:56]} a6 {[%clk 1:05:04]} 21. Rfe1
{[%clk 1:06:44]} Rfe8 {[%clk 1:01:53]} 22. Re2 {[%clk 0:59:09]} Bd7
{[%clk 1:00:04]} 23. Rae1 {[%clk 0:54:21]} Bf8 {[%clk 0:58:47]} 24. Bg5
{[%clk 0:48:32]} Rxe2 {[%clk 0:53:37]} 25. Rxe2 {[%clk 0:47:52]} Re8
{[%clk 0:53:37]} 26. Rxe8 {[%clk 0:48:06]} Bxe8 {[%clk 0:54:07]} 27. Qe2
{[%clk 0:43:31]} Qd7 {[%clk 0:54:25]} 28. Qg4 {[%clk 0:37:06]} f6
{[%clk 0:48:55]} 29. Qxd7 {[%clk 0:36:11]} Bxd7 {[%clk 0:49:24]} 30. Be3
{[%clk 0:36:17]} Kf7 {[%clk 0:48:33]} 31. Kf1 {[%clk 0:36:18]} Bd6
{[%clk 0:44:43]} 32. Ke2 {[%clk 0:34:29]} g5 {[%clk 0:40:10]} 33. Nc2
{[%clk 0:31:31]} Bb5+ {[%clk 0:39:54]} 34. Ke1 {[%clk 0:31:14]} Bd7
{[%clk 0:38:17]} 35. Nd4 {[%clk 0:29:26]} h6 {[%clk 0:38:35]} 36. Nc2
{[%clk 0:25:54]} f5 {[%clk 0:37:45]} 37. Bd4 {[%clk 0:24:40]} g4 {[%clk 0:36:20]}
38. hxg4 {[%clk 0:24:33]} fxg4 {[%clk 0:36:49]} 39. g3 {[%clk 0:24:02]} h5
{[%clk 0:35:21]} 40. Ne3 {[%clk 0:22:49]} Ke6 {[%clk 1:05:49]} 41. Ke2
{[%clk 0:50:44]} Bb5+ {[%clk 1:05:54]} 42. Ke1 {[%clk 0:50:21]} Bd3
{[%clk 1:06:11]} 43. Kd2 {[%clk 0:48:13]} Be4 {[%clk 1:05:20]} 44. Bh8
{[%clk 0:40:26]} Be7 {[%clk 1:05:25]} 45. Bd4 {[%clk 0:40:07]} Bb1
{[%clk 1:05:41]} 46. a3 {[%clk 0:40:20]} Be4 {[%clk 1:06:05]} 47. Ke2
{[%clk 0:37:19]} Kd6 {[%clk 1:05:27]} 48. Nf1 {[%clk 0:36:38]} Bf3+
{[%clk 1:03:00]} 49. Kd3 {[%clk 0:36:05]} Bg2 {[%clk 0:59:02]} 50. Ne3
{[%clk 0:35:48]} Be4+ {[%clk 0:59:25]} 51. Ke2 {[%clk 0:35:19]} Kc6
{[%clk 0:59:08]} 52. Nf1 {[%clk 0:31:56]} Bf3+ {[%clk 0:59:21]} 53. Kd3
{[%clk 0:31:59]} Be4+ {[%clk 0:58:37]} 54. Ke2 {[%clk 0:32:13]} Kb5
{[%clk 0:58:21]} 55. Nd2 {[%clk 0:29:35]} Bf5 {[%clk 0:57:02]} 56. Be5
{[%clk 0:27:23]} Bg5 {[%clk 0:57:00]} 57. b3 {[%clk 0:23:18]} Bc2
{[%clk 0:57:06]} 58. a4+ {[%clk 0:23:39]} Kc6 {[%clk 0:57:17]} 59. f4
{[%clk 0:21:06]} Bd8 {[%clk 0:54:51]} 60. Bd4 {[%clk 0:20:13]} Kd6
{[%clk 0:51:33]} 61. Bg7 {[%clk 0:18:55]} Ke6 {[%clk 0:51:20]} 62. Bd4 Bc7
{[%clk 0:51:07]} 63. Ke3 {[%clk 0:15:45]} Kf5 {[%clk 0:50:36]} 64. Kf2
{[%clk 0:11:08]} h4 {[%clk 0:49:15]} 65. Be5 {[%clk 0:06:35]} Bxe5
{[%clk 0:47:47]} 66. fxe5 {[%clk 0:07:02]} h3 {[%clk 0:48:08]} 67. a5
{[%clk 0:05:35]} Kxe5 {[%clk 0:48:06]} 68. Nf1 {[%clk 0:04:52]} Ke4
{[%clk 0:46:10]} 69. Nh2 {[%clk 0:03:38]} Bd1 {[%clk 0:46:17]} 70. Ke1
{[%clk 0:02:40]} Bxb3 {[%clk 0:46:36]} 71. Nxg4 {[%clk 0:02:58]} Kf3
{[%clk 0:47:00]} 72. Ne5+ {[%clk 0:02:22]} Kxg3 {[%clk 0:47:14]} 73. Nd3
{[%clk 0:01:04]} h2 {[%clk 0:47:33]} 74. Nf2 {[%clk 0:01:10]} Bc4
{[%clk 0:47:54]} 75. Nh1+ {[%clk 0:01:06]} Kg2 {[%clk 0:48:18]} 76. Nf2
{[%clk 0:01:27]} Bb5 {[%clk 0:48:28]} 0-1

[Event "High League 2022 women"]
[Site "Obninsk"]
[Date "2022.06.27"]
[Round "2.18"]
[White "Kovalevskaya, Ekaterina"]
[Black "Volchkova, Alena"]
[Result "1-0"]
[LiveChessVersion "1.4.7"]
[BlackElo "1823"]
[WhiteElo "2364"]

1. e4 {[%clk 1:30:56]} c5 {[%clk 1:30:56]} 2. Nf3 {[%clk 1:31:13]} d6
{[%clk 1:31:20]} 3. d4 {[%clk 1:31:19]} cxd4 {[%clk 1:31:43]} 4. Qxd4
{[%clk 1:31:44]} Nc6 {[%clk 1:32:07]} 5. Qe3 {[%clk 1:31:54]} g6 {[%clk 1:32:19]}
6. Be2 {[%clk 1:32:08]} Bg7 {[%clk 1:32:43]} 7. O-O {[%clk 1:32:22]} Nh6
{[%clk 1:32:40]} 8. h3 {[%clk 1:32:05]} O-O {[%clk 1:32:47]} 9. Nc3
{[%clk 1:17:37]} f6 {[%clk 1:28:31]} 10. Bc4+ {[%clk 1:14:46]} Nf7
{[%clk 1:25:20]} 11. Qe2 {[%clk 1:13:34]} Kh8 {[%clk 1:14:51]} 12. Be3
{[%clk 1:08:03]} Nfe5 {[%clk 1:00:58]} 13. Bb3 {[%clk 1:06:36]} Nxf3+
{[%clk 1:00:01]} 14. Qxf3 {[%clk 1:07:04]} f5 {[%clk 0:58:09]} 15. exf5
{[%clk 1:04:58]} Bxf5 {[%clk 0:57:27]} 16. Qe2 {[%clk 1:04:28]} Rc8
{[%clk 0:49:57]} 17. Rad1 {[%clk 1:03:30]} a6 {[%clk 0:41:51]} 18. Nd5
{[%clk 1:00:39]} h6 {[%clk 0:20:40]} 19. Nf4 {[%clk 0:44:10]} e5 {[%clk 0:13:34]}
20. Ne6 {[%clk 0:43:05]} Bxe6 {[%clk 0:12:04]} 21. Bxe6 {[%clk 0:43:32]} Rb8
{[%clk 0:12:00]} 22. c3 {[%clk 0:37:57]} Qe7 {[%clk 0:11:14]} 23. Bb3
{[%clk 0:37:07]} Rbd8 {[%clk 0:08:56]} 24. Rd2 {[%clk 0:26:36]} Rf6
{[%clk 0:05:19]} 25. Rfd1 {[%clk 0:25:42]} Rd7 {[%clk 0:03:44]} 26. Qg4
{[%clk 0:25:34]} Nd8 {[%clk 0:03:04]} 27. Bc2 {[%clk 0:18:32]} Qf7
{[%clk 0:01:29]} 28. Qh4 {[%clk 0:18:12]} Qf8 {[%clk 0:00:49]} 29. Bg5
{[%clk 0:15:39]} Re6 {[%clk 0:01:14]} 30. Bb3 {[%clk 0:15:38]} Re8
{[%clk 0:01:35]} 31. Qg4 {[%clk 0:09:40]} Nf7 {[%clk 0:01:01]} 32. Qxd7
{[%clk 0:09:24]} Nxg5 {[%clk 0:01:28]} 33. Rxd6 {[%clk 0:09:19]} Bf6
{[%clk 0:00:42]} 34. Rxf6 {[%clk 0:09:17]} 1-0

[Event "High League 2022 women"]
[Site "Obninsk"]
[Date "2022.06.27"]
[Round "2.19"]
[White "Pak, Polina"]
[Black "Tomilova, Elena"]
[Result "1/2-1/2"]
[LiveChessVersion "1.4.7"]
[BlackElo "2278"]
[WhiteElo "1677"]

1. Nf3 {[%clk 1:30:58]} d5 {[%clk 1:30:54]} 2. g3 {[%clk 1:31:19]} Nf6
{[%clk 1:31:18]} 3. Bg2 {[%clk 1:31:33]} g6 {[%clk 1:31:39]} 4. O-O
{[%clk 1:31:39]} Bg7 {[%clk 1:31:59]} 5. d3 {[%clk 1:31:21]} c5 {[%clk 1:32:04]}
6. Nbd2 {[%clk 1:31:33]} Nc6 {[%clk 1:32:24]} 7. e4 {[%clk 1:31:32]} O-O
{[%clk 1:32:38]} 8. Re1 {[%clk 1:31:15]} e6 {[%clk 1:32:56]} 9. c3
{[%clk 1:28:55]} a5 {[%clk 1:33:10]} 10. Qc2 {[%clk 1:28:56]} b6 {[%clk 1:31:59]}
11. Nf1 {[%clk 1:25:57]} Ba6 {[%clk 1:28:50]} 12. e5 {[%clk 1:19:05]} Nd7
{[%clk 1:26:48]} 13. Bf4 {[%clk 1:19:21]} b5 {[%clk 1:20:44]} 14. h4
{[%clk 1:17:28]} Rb8 {[%clk 1:18:31]} 15. N1h2 {[%clk 1:15:26]} Rb6
{[%clk 1:12:08]} 16. Rad1 {[%clk 1:00:30]} Qb8 {[%clk 1:04:19]} 17. Ng4
{[%clk 0:52:44]} d4 {[%clk 0:57:06]} 18. Qc1 {[%clk 0:20:00]} Re8
{[%clk 0:48:34]} 19. Bh3 {[%clk 0:16:40]} Qa8 {[%clk 0:42:54]} 20. Bh6
{[%clk 0:14:35]} Bh8 {[%clk 0:40:11]} 21. Bg5 {[%clk 0:06:05]} Ne7
{[%clk 0:31:49]} 22. Nh6+ {[%clk 0:06:05]} Kf8 {[%clk 0:30:46]} 23. Qf4 f5
{[%clk 0:22:43]} 24. exf6 {[%clk 0:01:49]} Nd5 {[%clk 0:23:06]} 25. Ne5
{[%clk 0:02:08]} N7xf6 {[%clk 0:19:39]} 26. Bxf6 {[%clk 0:02:23]} Bxf6
{[%clk 0:19:29]} 27. Qf3 {[%clk 0:02:10]} Kg7 {[%clk 0:17:25]} 28. Nhg4
{[%clk 0:02:06]} Bxe5 {[%clk 0:14:27]} 29. Nxe5 {[%clk 0:01:39]} Rf8
{[%clk 0:14:39]} 30. Qe2 {[%clk 0:01:21]} Qd8 {[%clk 0:11:34]} 31. cxd4
{[%clk 0:01:20]} cxd4 {[%clk 0:11:52]} 32. Qg4 {[%clk 0:01:06]} Nf6
{[%clk 0:11:22]} 33. Qg5 {[%clk 0:00:44]} Bb7 {[%clk 0:10:38]} 34. Bg2
{[%clk 0:00:36]} Bxg2 {[%clk 0:07:26]} 35. Kxg2 {[%clk 0:01:00]} Rd6
{[%clk 0:04:28]} 36. Ng4 {[%clk 0:00:43]} Nxg4 {[%clk 0:04:00]} 37. Qxg4
{[%clk 0:01:08]} Qf6 {[%clk 0:04:08]} 38. Rd2 {[%clk 0:01:00]} h5
{[%clk 0:02:10]} 39. Qe4 {[%clk 0:01:20]} Rf7 {[%clk 0:01:48]} 40. Rc1
{[%clk 0:30:50]} Rd5 {[%clk 0:31:39]} 41. Re2 {[%clk 0:23:22]} Rf5
{[%clk 0:21:22]} 42. f4 {[%clk 0:18:13]} Re7 {[%clk 0:21:10]} 43. Rc6
{[%clk 0:18:32]} Kf7 {[%clk 0:21:23]} 44. Rd6 {[%clk 0:17:33]} Rc5
{[%clk 0:20:08]} 45. Rxd4 {[%clk 0:16:04]} Rec7 {[%clk 0:12:10]} 46. Rd6
{[%clk 0:14:02]} Rc2 {[%clk 0:12:18]} 47. Rd7+ {[%clk 0:07:39]} Rxd7
{[%clk 0:12:36]} 48. Rxc2 {[%clk 0:08:06]} Qf5 {[%clk 0:12:08]} 49. Qxf5+
{[%clk 0:07:16]} gxf5 {[%clk 0:12:27]} 50. Rc5 {[%clk 0:04:52]} Rd5
{[%clk 0:11:22]} 51. d4 {[%clk 0:04:06]} Ke7 {[%clk 0:08:20]} 52. a3
{[%clk 0:02:46]} Kd6 {[%clk 0:06:09]} 53. b4 {[%clk 0:02:56]} a4 {[%clk 0:05:56]}
54. Kf2 {[%clk 0:01:45]} Rxd4 {[%clk 0:05:56]} 55. Rxb5 {[%clk 0:01:39]} Rd3
{[%clk 0:05:54]} 56. Ra5 {[%clk 0:01:44]} Rxa3 {[%clk 0:06:17]} 57. Kg2
{[%clk 0:01:50]} Ra1 {[%clk 0:06:03]} 58. Kh2 {[%clk 0:01:58]} a3
{[%clk 0:05:53]} 59. Kg2 {[%clk 0:02:17]} a2 {[%clk 0:04:36]} 60. Kh2
{[%clk 0:02:41]} Rb1 {[%clk 0:04:32]} 61. Rxa2 {[%clk 0:02:56]} Rxb4
{[%clk 0:04:53]} 62. Ra8 {[%clk 0:03:00]} Kd5 {[%clk 0:03:49]} 63. Rh8
{[%clk 0:03:13]} Ke4 {[%clk 0:03:59]} 64. Rxh5 {[%clk 0:02:57]} Kf3
{[%clk 0:04:12]} 65. Rg5 {[%clk 0:02:55]} Rb2+ {[%clk 0:04:30]} 66. Kh3
{[%clk 0:02:10]} Rb1 {[%clk 0:04:08]} 67. Kh2 {[%clk 0:02:35]} Rb2+
{[%clk 0:04:29]} 68. Kg1 {[%clk 0:02:12]} Rb1+ {[%clk 0:04:48]} 69. Kh2
{[%clk 0:02:36]} Rb2+ {[%clk 0:05:12]} 1/2-1/2

[Event "High League 2022 women"]
[Site "Obninsk"]
[Date "2022.06.27"]
[Round "2.20"]
[White "Chervyakova, Tatiana"]
[Black "Borisova, Ekaterina"]
[Result "0-1"]
[LiveChessVersion "1.4.7"]
[BlackElo "2233"]
[WhiteElo "1641"]

1. d4 {[%clk 1:29:46]} Nf6 {[%clk 1:30:51]} 2. Nf3 {[%clk 1:29:08]} g6
{[%clk 1:30:33]} 3. Nbd2 {[%clk 1:28:53]} d5 {[%clk 1:30:42]} 4. e3
{[%clk 1:29:16]} Bg7 {[%clk 1:31:00]} 5. b4 {[%clk 1:29:02]} O-O {[%clk 1:30:57]}
6. c4 {[%clk 1:29:05]} c6 {[%clk 1:31:19]} 7. Bb2 {[%clk 1:29:20]} Bg4
{[%clk 1:31:43]} 8. Be2 {[%clk 1:28:30]} e6 {[%clk 1:31:50]} 9. O-O
{[%clk 1:26:57]} Qe7 {[%clk 1:31:20]} 10. a3 {[%clk 1:20:49]} Nbd7
{[%clk 1:31:41]} 11. cxd5 {[%clk 1:18:41]} exd5 {[%clk 1:31:41]} 12. h3
{[%clk 1:18:21]} Bf5 {[%clk 1:31:12]} 13. a4 {[%clk 1:12:16]} Rfd8
{[%clk 1:29:56]} 14. Qb3 {[%clk 1:08:25]} Ne4 {[%clk 1:29:22]} 15. Nxe4
{[%clk 1:06:34]} dxe4 {[%clk 1:26:40]} 16. Nd2 {[%clk 0:59:44]} Nb6
{[%clk 1:26:27]} 17. a5 {[%clk 0:53:20]} Nd5 {[%clk 1:26:34]} 18. b5
{[%clk 0:50:37]} Rab8 {[%clk 1:22:19]} 19. Bc4 {[%clk 0:46:24]} h5
{[%clk 1:21:22]} 20. Bxd5 {[%clk 0:43:29]} cxd5 {[%clk 1:21:38]} 21. b6
{[%clk 0:41:31]} a6 {[%clk 1:21:31]} 22. Ba3 {[%clk 0:28:22]} Qg5
{[%clk 1:21:35]} 23. Kh2 {[%clk 0:22:56]} h4 {[%clk 1:19:49]} 24. Rac1
{[%clk 0:21:17]} Bxd4 {[%clk 1:17:10]} 25. exd4 {[%clk 0:18:37]} Qxd2
{[%clk 1:17:22]} 26. Qc3 {[%clk 0:18:43]} Qf4+ {[%clk 1:16:35]} 27. g3
{[%clk 0:17:50]} Qh6 {[%clk 1:13:47]} 28. Qe3 {[%clk 0:15:11]} hxg3+
{[%clk 1:09:43]} 29. Qxg3 {[%clk 0:15:30]} Re8 {[%clk 1:09:23]} 30. Bd6
{[%clk 0:14:30]} Rbc8 {[%clk 1:09:38]} 31. Bf4 {[%clk 0:12:22]} Qh8
{[%clk 1:07:16]} 32. Be5 {[%clk 0:12:10]} f6 {[%clk 1:02:21]} 33. Bc7
{[%clk 0:09:26]} Re7 {[%clk 0:56:20]} 34. Kg2 {[%clk 0:07:41]} Qh5
{[%clk 0:53:02]} 35. Rc3 {[%clk 0:04:24]} Rce8 {[%clk 0:52:42]} 36. Re3
{[%clk 0:01:31]} Rh7 {[%clk 0:51:24]} 37. Rh1 {[%clk 0:01:16]} Kf7
{[%clk 0:51:02]} 38. Qd6 {[%clk 0:00:41]} Be6 {[%clk 0:51:06]} 39. Qg3
{[%clk 0:00:35]} g5 {[%clk 0:50:57]} 40. Rc3 {[%clk 0:30:31]} f5 {[%clk 1:19:59]}
41. Qd6 {[%clk 0:25:59]} f4 {[%clk 1:18:13]} 42. Bd8 {[%clk 0:19:49]} Kg8
{[%clk 1:18:13]} 43. Qe5 {[%clk 0:15:21]} e3 {[%clk 1:08:01]} 44. Kg1
{[%clk 0:11:31]} Qd1+ {[%clk 1:08:08]} 0-1

[Event "High League 2022 women"]
[Site "Obninsk"]
[Date "2022.06.27"]
[Round "2.21"]
[White "Nur-Mukhametova, Alisa"]
[Black "Malysheva, Viktoriya"]
[Result "1-0"]
[LiveChessVersion "1.4.7"]
[BlackElo "1563"]
[WhiteElo "2172"]

1. d4 {[%clk 1:30:56]} Nf6 {[%clk 1:26:18]} 2. c4 {[%clk 1:31:01]} g6
{[%clk 1:26:42]} 3. Nc3 {[%clk 1:31:17]} Bg7 {[%clk 1:26:44]} 4. Nf3
{[%clk 1:31:10]} O-O {[%clk 1:26:59]} 5. g3 {[%clk 1:31:20]} d6 {[%clk 1:27:07]}
6. Bg2 {[%clk 1:31:21]} Nc6 {[%clk 1:27:07]} 7. d5 {[%clk 1:27:46]} Na5
{[%clk 1:25:01]} 8. b3 {[%clk 1:25:57]} c5 {[%clk 1:23:24]} 9. Bb2
{[%clk 1:25:49]} a6 {[%clk 1:22:04]} 10. O-O {[%clk 1:23:52]} Bd7
{[%clk 1:18:37]} 11. Nd2 {[%clk 1:20:52]} b5 {[%clk 1:17:37]} 12. Qc2
{[%clk 1:14:31]} Rb8 {[%clk 1:11:07]} 13. Rab1 {[%clk 1:11:37]} bxc4
{[%clk 0:59:37]} 14. bxc4 {[%clk 1:11:11]} Bh6 {[%clk 0:58:17]} 15. f4
{[%clk 1:08:23]} Ng4 {[%clk 0:55:47]} 16. Nd1 {[%clk 0:54:55]} Rxb2
{[%clk 0:43:53]} 17. Rxb2 {[%clk 0:47:41]} Bg7 {[%clk 0:43:36]} 18. Rb1
{[%clk 0:47:50]} Bd4+ {[%clk 0:40:14]} 19. Kh1 {[%clk 0:47:04]} h5
{[%clk 0:32:53]} 20. h3 {[%clk 0:44:55]} Nh6 {[%clk 0:29:12]} 21. Rf3
{[%clk 0:37:05]} Kg7 {[%clk 0:24:18]} 22. Ra3 {[%clk 0:32:32]} Rh8
{[%clk 0:19:23]} 23. Nf3 {[%clk 0:29:51]} Bf6 {[%clk 0:19:19]} 24. e4
{[%clk 0:28:49]} Qc7 {[%clk 0:17:09]} 25. Ne3 {[%clk 0:23:25]} Bd4
{[%clk 0:16:00]} 26. Qd2 {[%clk 0:19:04]} Bxe3 {[%clk 0:15:24]} 27. Qxe3
{[%clk 0:17:55]} f6 {[%clk 0:15:30]} 28. Qc3 {[%clk 0:17:50]} Nb7
{[%clk 0:15:34]} 29. Rxa6 {[%clk 0:17:38]} Qc8 {[%clk 0:15:26]} 30. Ra7
{[%clk 0:16:59]} Nd8 {[%clk 0:15:31]} 31. Kh2 {[%clk 0:14:34]} Re8
{[%clk 0:12:42]} 32. e5 {[%clk 0:14:03]} Ng8 {[%clk 0:10:38]} 33. e6
{[%clk 0:13:45]} Nxe6 {[%clk 0:09:55]} 34. dxe6 {[%clk 0:14:12]} Bxe6
{[%clk 0:10:17]} 35. Ng5 {[%clk 0:14:24]} Bxc4 {[%clk 0:09:44]} 36. Qxc4
{[%clk 0:14:30]} fxg5 {[%clk 0:10:09]} 37. Ra8 {[%clk 0:14:00]} Qd7
{[%clk 0:09:55]} 38. Rb7 {[%clk 0:14:05]} 1-0

[Event "High League 2022 women"]
[Site "Obninsk"]
[Date "2022.06.27"]
[Round "2.22"]
[White "Dryaeva, Lana"]
[Black "Shukhman, Anna"]
[Result "0-1"]
[LiveChessVersion "1.4.7"]
[BlackElo "2121"]
[WhiteElo "1594"]

1. d4 {[%clk 1:30:58]} Nf6 {[%clk 1:30:45]} 2. c4 {[%clk 1:31:22]} g6
{[%clk 1:31:11]} 3. Nc3 {[%clk 1:31:35]} d5 {[%clk 1:31:37]} 4. cxd5
{[%clk 1:32:00]} Nxd5 {[%clk 1:32:04]} 5. e4 {[%clk 1:32:20]} Nxc3
{[%clk 1:32:30]} 6. bxc3 {[%clk 1:32:47]} Bg7 {[%clk 1:32:55]} 7. Be3
{[%clk 1:32:46]} c5 {[%clk 1:33:15]} 8. Bc4 {[%clk 1:33:09]} Nc6 {[%clk 1:32:32]}
9. Ne2 {[%clk 1:33:32]} O-O {[%clk 1:32:13]} 10. O-O {[%clk 1:33:54]} b6
{[%clk 1:28:22]} 11. h3 {[%clk 1:24:01]} Bb7 {[%clk 1:28:00]} 12. Qd2
{[%clk 1:22:15]} Rc8 {[%clk 1:25:33]} 13. Rac1 {[%clk 1:21:55]} e6
{[%clk 1:22:46]} 14. Rfd1 {[%clk 1:16:54]} Qe7 {[%clk 1:13:22]} 15. Bg5
{[%clk 0:56:13]} f6 {[%clk 1:04:17]} 16. Bh6 {[%clk 0:50:58]} Na5
{[%clk 1:00:32]} 17. Bd3 {[%clk 0:51:09]} Rfd8 {[%clk 1:00:38]} 18. Bxg7
{[%clk 0:48:28]} Kxg7 {[%clk 1:00:59]} 19. Qe3 {[%clk 0:41:23]} Nc6
{[%clk 0:51:06]} 20. Bc2 {[%clk 0:25:54]} e5 {[%clk 0:43:00]} 21. d5
{[%clk 0:21:46]} Na5 {[%clk 0:42:16]} 22. f4 {[%clk 0:08:49]} Nc4
{[%clk 0:42:06]} 23. Qg3 {[%clk 0:08:18]} Nd6 {[%clk 0:42:29]} 24. Rf1
{[%clk 0:07:50]} Ba6 {[%clk 0:41:10]} 25. Rf2 {[%clk 0:08:10]} Bxe2
{[%clk 0:40:52]} 26. Rxe2 {[%clk 0:08:38]} exf4 {[%clk 0:40:30]} 27. Qxf4
{[%clk 0:09:06]} Qe5 {[%clk 0:40:47]} 28. Qxe5 {[%clk 0:08:30]} fxe5
{[%clk 0:41:13]} 29. a4 {[%clk 0:07:13]} c4 {[%clk 0:37:25]} 30. Ra1
{[%clk 0:06:43]} Rc5 {[%clk 0:37:24]} 31. Kf2 {[%clk 0:06:04]} Ra5
{[%clk 0:35:16]} 32. Ke3 {[%clk 0:03:33]} Nb7 {[%clk 0:34:38]} 33. Bd1
{[%clk 0:02:19]} Rf8 {[%clk 0:31:06]} 34. Rb2 {[%clk 0:00:40]} Rf1
{[%clk 0:30:41]} 35. Rb5 {[%clk 0:00:46]} Kf6 {[%clk 0:30:17]} 36. Rab1
{[%clk 0:00:38]} Ke7 {[%clk 0:28:44]} 37. Ke2 {[%clk 0:00:36]} Rg1
{[%clk 0:27:43]} 38. Kf2 {[%clk 0:00:51]} Rxb5 {[%clk 0:27:56]} 39. axb5
{[%clk 0:01:05]} Rh1 {[%clk 0:28:23]} 40. Ra1 {[%clk 0:30:49]} Na5
{[%clk 0:58:33]} 41. Ke2 {[%clk 0:05:40]} Kd6 {[%clk 0:58:51]} 42. Kf2
{[%clk 0:05:06]} Nb3 {[%clk 0:55:44]} 43. Rxa7 {[%clk 0:03:27]} Rxd1
{[%clk 0:56:08]} 44. Rb7 {[%clk 0:03:12]} Kc5 {[%clk 0:56:32]} 45. Re7
{[%clk 0:02:33]} Rd2+ {[%clk 0:56:41]} 46. Kf1 {[%clk 0:01:02]} Rd3
{[%clk 0:56:54]} 47. Rxe5 {[%clk 0:01:26]} Rxc3 {[%clk 0:57:21]} 48. Re8
{[%clk 0:00:45]} Rd3 {[%clk 0:57:36]} 49. Rc8+ {[%clk 0:00:33]} Kxb5
{[%clk 0:58:00]} 50. Rc7 {[%clk 0:00:31]} Nc5 {[%clk 0:58:12]} 51. Ke2
{[%clk 0:00:44]} Rd4 {[%clk 0:58:38]} 52. Kf3 {[%clk 0:00:31]} c3
{[%clk 0:59:02]} 53. e5 {[%clk 0:00:51]} c2 {[%clk 0:59:27]} 0-1

[Event "High League 2022 women"]
[Site "Obninsk"]
[Date "2022.06.28"]
[Round "3.1"]
[White "Zhapova, Yana"]
[Black "Goltseva, Ekaterina"]
[Result "0-1"]
[LiveChessVersion "1.4.7"]
[BlackElo "2284"]
[WhiteElo "2204"]

1. e4 {[%clk 1:30:57]} c5 {[%clk 1:30:53]} 2. Nf3 {[%clk 1:31:18]} e6
{[%clk 1:31:19]} 3. c3 {[%clk 1:30:00]} d5 {[%clk 1:29:50]} 4. exd5
{[%clk 1:29:26]} Qxd5 {[%clk 1:30:00]} 5. d4 {[%clk 1:28:50]} Nf6
{[%clk 1:28:32]} 6. Bd3 {[%clk 1:17:08]} Nc6 {[%clk 1:22:01]} 7. O-O
{[%clk 1:12:54]} Be7 {[%clk 1:16:17]} 8. dxc5 {[%clk 1:05:57]} e5
{[%clk 1:00:12]} 9. c4 {[%clk 0:59:28]} Qxc5 {[%clk 0:59:31]} 10. Nc3
{[%clk 0:54:17]} Bg4 {[%clk 0:54:55]} 11. h3 {[%clk 0:53:00]} Bh5
{[%clk 0:47:11]} 12. Be3 {[%clk 0:48:51]} Qa5 {[%clk 0:45:06]} 13. Be2
{[%clk 0:41:36]} O-O {[%clk 0:34:37]} 14. a3 {[%clk 0:35:21]} Rad8
{[%clk 0:31:42]} 15. Qe1 {[%clk 0:34:45]} e4 {[%clk 0:22:45]} 16. Nd2
{[%clk 0:31:08]} Bxe2 {[%clk 0:20:29]} 17. Qxe2 {[%clk 0:31:16]} Qe5
{[%clk 0:19:59]} 18. f4 {[%clk 0:28:15]} exf3 {[%clk 0:17:53]} 19. Nxf3
{[%clk 0:27:59]} Qb8 {[%clk 0:15:56]} 20. Rfd1 {[%clk 0:25:59]} Rfe8
{[%clk 0:15:25]} 21. Rxd8 {[%clk 0:22:25]} Bxd8 {[%clk 0:15:33]} 22. Qf2
{[%clk 0:21:12]} Bc7 {[%clk 0:13:16]} 23. Bg5 {[%clk 0:20:01]} Ne4
{[%clk 0:11:53]} 24. Nxe4 {[%clk 0:19:59]} Rxe4 {[%clk 0:12:20]} 25. Qc2
{[%clk 0:16:32]} Qe8 {[%clk 0:12:03]} 26. Rd1 {[%clk 0:12:02]} Bg3
{[%clk 0:09:18]} 27. Qd3 {[%clk 0:10:06]} h6 {[%clk 0:08:23]} 28. Bd2
{[%clk 0:09:16]} Qe6 {[%clk 0:04:47]} 29. b3 {[%clk 0:08:31]} Qf5
{[%clk 0:03:30]} 30. Bc3 {[%clk 0:07:40]} Qc5+ {[%clk 0:02:26]} 31. Nd4
{[%clk 0:06:51]} Qh5 {[%clk 0:00:34]} 32. Nxc6 {[%clk 0:04:12]} bxc6
{[%clk 0:00:50]} 33. Rf1 {[%clk 0:01:11]} Qg6 {[%clk 0:00:59]} 34. Rf3
{[%clk 0:00:56]} Bc7 {[%clk 0:00:43]} 35. b4 {[%clk 0:00:41]} Qe6
{[%clk 0:00:51]} 36. c5 {[%clk 0:00:58]} Re2 {[%clk 0:00:45]} 37. Rf1
{[%clk 0:00:33]} Re3 {[%clk 0:00:35]} 38. Qd4 {[%clk 0:00:45]} f6
{[%clk 0:00:39]} 39. Qd2 {[%clk 0:00:35]} Qe4 {[%clk 0:00:37]} 40. Qa2+
{[%clk 0:30:34]} Kh7 {[%clk 0:30:39]} 41. Bd2 {[%clk 0:13:44]} Re2
{[%clk 0:29:24]} 42. Rf2 {[%clk 0:14:07]} Qd4 {[%clk 0:28:06]} 43. Qc2+
{[%clk 0:13:23]} Kh8 {[%clk 0:27:09]} 0-1

[Event "High League 2022 women"]
[Site "Obninsk"]
[Date "2022.06.28"]
[Round "3.2"]
[White "Girya, Olga"]
[Black "Filippova, Margarita"]
[Result "1-0"]
[LiveChessVersion "1.4.7"]
[BlackElo "1955"]
[WhiteElo "2407"]

1. d4 {[%clk 1:30:05]} Nf6 {[%clk 1:30:55]} 2. c4 {[%clk 1:30:08]} e6
{[%clk 1:31:20]} 3. Nf3 {[%clk 1:30:34]} Bb4+ {[%clk 1:31:46]} 4. Bd2
{[%clk 1:30:52]} Qe7 {[%clk 1:32:10]} 5. g3 {[%clk 1:30:53]} Nc6 {[%clk 1:32:34]}
6. a3 {[%clk 1:30:41]} Bxd2+ {[%clk 1:32:56]} 7. Qxd2 {[%clk 1:31:07]} d6
{[%clk 1:32:30]} 8. Nc3 {[%clk 1:31:13]} O-O {[%clk 1:30:40]} 9. Bg2
{[%clk 1:31:36]} Na5 {[%clk 1:20:38]} 10. Qd3 {[%clk 1:28:27]} e5
{[%clk 1:17:19]} 11. b4 {[%clk 1:20:54]} Nc6 {[%clk 1:08:44]} 12. d5
{[%clk 1:19:27]} e4 {[%clk 1:02:26]} 13. Nxe4 {[%clk 1:19:33]} Nxe4
{[%clk 1:02:37]} 14. dxc6 {[%clk 1:19:56]} Re8 {[%clk 0:48:35]} 15. Nd4
{[%clk 1:03:16]} bxc6 {[%clk 0:44:19]} 16. Nxc6 {[%clk 1:02:03]} Qf6
{[%clk 0:41:07]} 17. O-O {[%clk 1:01:39]} Bf5 {[%clk 0:40:04]} 18. Qd4
{[%clk 1:00:05]} Qxd4 {[%clk 0:35:46]} 19. Nxd4 {[%clk 1:00:28]} Bg6
{[%clk 0:35:08]} 20. Rfc1 {[%clk 0:55:46]} a5 {[%clk 0:30:54]} 21. f3
{[%clk 0:42:25]} Nf6 {[%clk 0:29:42]} 22. e4 {[%clk 0:42:43]} Nd7
{[%clk 0:28:16]} 23. Nb5 {[%clk 0:41:00]} Rac8 {[%clk 0:25:06]} 24. Bh3
{[%clk 0:40:25]} Ne5 {[%clk 0:20:14]} 25. Bxc8 {[%clk 0:39:55]} Rxc8
{[%clk 0:20:40]} 26. Rc3 {[%clk 0:39:40]} f5 {[%clk 0:20:18]} 27. exf5
{[%clk 0:39:22]} Bxf5 {[%clk 0:20:12]} 28. bxa5 {[%clk 0:38:23]} Bd7
{[%clk 0:17:32]} 29. a4 {[%clk 0:30:33]} Ra8 {[%clk 0:15:55]} 30. Nxc7
{[%clk 0:30:38]} Rxa5 {[%clk 0:16:20]} 31. f4 Ng4 {[%clk 0:15:51]} 32. Nd5
{[%clk 0:28:23]} h5 {[%clk 0:15:48]} 33. Rd3 {[%clk 0:26:50]} Ra6
{[%clk 0:13:23]} 34. a5 {[%clk 0:26:47]} 1-0